banner-ar

THE SOCIAL WELFARE FORUM, 1973 / (Record no. 14887)

MARC details
000 -الفاتح
حقل البيانات ثابتة الطول 00516nam a2200181Ia 4500
008 - عناصر البيانات ثابتة الطول - معلومات عامة
حقل البيانات ثابتة الطول 140319s9999 xx 000 0 eng d
040 ## - مصدر الفهرسة
وكالة الفهرسة الأصلية GCL /
وكالة النسخ GCL
082 04 - رقم تصنيف ديوى العشرى
رقم التصنيف 361
رقم المادة N S
100 1# - المدخل الرئيسى - إسم شخصى
الإسم الشخصى NATIONAL CONFERENCE ON SOCIAL WELFARE
245 10 - بيان العنوان
العنوان THE SOCIAL WELFARE FORUM, 1973 /
بيان المسئوليه,etc NATIONAL CONFERENCE ON SOCIAL WELFARE
260 ## - PUBLICATION, DISTRIBUTION, ETC. (IMPRINT)
تاريخ النشر أو التوزيع 1974
300 ## - الوصف المادى
التعداد 335 P
650 04 - المدخل الاضافى بالموضوع-مصطلح موضوعى
مصطلح موضوعي PUBLIC WELFARE
650 04 - المدخل الاضافى بالموضوع-مصطلح موضوعى
مصطلح موضوعي SOCIAL WELFARE
650 04 - المدخل الاضافى بالموضوع-مصطلح موضوعى
مصطلح موضوعي CHARITIES
942 ## - عناصر المدخل الإضافي( كوها)
مصدر التصنيف او مخطط الترفيف Dewey Decimal Classification
Koha [default] item type كتاب
260 ## - PUBLICATION, DISTRIBUTION, ETC. (IMPRINT)
-- [S.N] :
-- COLUMBIA UNIVERSITY PRASS ،
Holdings
حالة التراجع حالة الفقد حالة تلف ليس للاعارة المكان المؤقت الموقع الحالى تاريخ الاكتساب اجمالي اﻻعارات رقم الطلب الباركود تاريخ اخر مشاهدة تاريخ تفعيل السعر نوع وعاء كوها
        مكتبة القاهرة الكبرى مكتبة القاهرة الكبرى 03/26/2014   361\N S 27814 03/26/2014 03/26/2014 كتاب

Powered By

EGPV